[Event "81.Camp. Veneto Quarti di Finale"]
[Site "Verona ITA"]
[Date "2022.05.07"]
[Round "3.20"]
[White "Coghi, Simone"]
[Black "Giroldi, Gilberto"]
[Result "1-0"]
[WhiteElo "999"]
[BlackElo "1398"]
[Annotator "Gabriele Ballarin"]
[PlyCount "55"]
[EventDate "2022.05.06"]
[EventType "swiss"]
[EventRounds "5"]
[EventCountry "ITA"]

1. d4 Nf6 2. c4 e6 3. Nf3 b6 4. Nc3 Bb4 5. Bg5 O-O 6. e3 d6 7. Bd3 Qd7 8. Bxf6 gxf6 9. Qc2 f5 10. g4 Kh8 11. gxf5 exf5 12. Nh4 f4 13. Bxh7 Qg4 14. Be4 c6 15. Nf3 Be6 16. Rg1 Qh5 17. Rg5 Qh6 18. d5 cxd5 19. Bxd5 Bxd5 20. cxd5 Nd7 21. Qf5 Nf6 22. Qxf4 Rg8 23. Rxg8+ Rxg8 24. Qxh6+ Nh7 25. a3 Rg6 26. Qxg6 fxg6 27. axb4 a5 28. bxa5 1-0

[Event "81.Camp. Veneto Quarti di Finale"]
[Site "Verona ITA"]
[Date "2022.05.07"]
[Round "3.21"]
[White "Filippi, Marco"]
[Black "Torraca, Luca"]
[Result "1-0"]
[WhiteElo "1289"]
[BlackElo "1047"]
[Annotator "Gabriele Ballarin"]
[PlyCount "57"]
[EventDate "2022.05.06"]
[EventType "swiss"]
[EventRounds "5"]
[EventCountry "ITA"]

1. e4 b6 2. d4 Bb7 3. Nc3 Nf6 4. f3 e6 5. Bc4 a6 6. Bg5 h6 7. Bh4 g5 8. Bg3 Bg7 9. Nge2 d6 10. Qd2 b5 11. Bb3 Nc6 12. O-O-O Qe7 13. Kb1 Na7 14. h4 g4 15. d5 e5 16. Bf2 Nc8 17. Ng3 Qf8 18. Nce2 Ne7 19. Qc3 Rc8 20. Qe3 Ba8 21. Qa7 h5 22. Qxa6 c6 23. dxc6 Nxc6 24. Qxc8+ Nd8 25. Nf5 Bb7 26. Qc7 gxf3 27. gxf3 Bxe4 28. Rxd6 Ne6 29. Qc8+ 1-0

[Event "81.Camp. Veneto Quarti di Finale"]
[Site "Verona ITA"]
[Date "2022.05.08"]
[Round "4.1"]
[White "Barp, Alberto"]
[Black "Casadio, Niccolò"]
[Result "1-0"]
[WhiteElo "2384"]
[BlackElo "2127"]
[Annotator "Gabriele Ballarin"]
[PlyCount "75"]
[EventDate "2022.05.06"]
[EventType "swiss"]
[EventRounds "5"]
[EventCountry "ITA"]

1. d4 e6 2. c4 Nf6 3. Nf3 Be7 4. g3 O-O 5. Bg2 d5 6. O-O dxc4 7. Qa4 a6 8. Qxc4 b5 9. Qc2 Bb7 10. Bd2 Ra7 11. Rc1 Be4 12. Qb3 Nbd7 13. Be3 Ng4 14. Nbd2 Bd5 15. Qd3 Nxe3 16. Qxe3 Qa8 17. Ne1 Nb6 18. Bxd5 Nxd5 19. Qf3 Rc8 20. Nd3 Rd8 21. Ne5 Rf8 22. Nc6 Bg5 23. e3 Rb7 24. Ne4 Rb6 25. Ne5 Be7 26. Nd7 f5 27. Nec5 Bxc5 28. Rxc5 Rd6 29. Nxf8 Qxf8 30. Rac1 Rd7 31. Rc6 Rd6 32. e4 fxe4 33. Qxe4 Qe7 34. Rxd6 cxd6 35. Rc8+ Kf7 36. Qxh7 Qf6 37. Qh5+ Qg6 38. Rf8+ 1-0

[Event "81.Camp. Veneto Quarti di Finale"]
[Site "Verona ITA"]
[Date "2022.05.08"]
[Round "4.2"]
[White "Zanchetta, Nicola"]
[Black "Gennari, Jacopo"]
[Result "1-0"]
[WhiteElo "2142"]
[BlackElo "2073"]
[Annotator "Gabriele Ballarin"]
[PlyCount "97"]
[EventDate "2022.05.06"]
[EventType "swiss"]
[EventRounds "5"]
[EventCountry "ITA"]

1. d4 d5 2. Nc3 Bf5 3. f3 Nf6 4. Bg5 Nbd7 5. Nxd5 Nxd5 6. e4 h6 7. Bd2 e6 8. exf5 exf5 9. Qe2+ Qe7 10. O-O-O Qxe2 11. Nxe2 O-O-O 12. a3 N7b6 13. Nf4 Nxf4 14. Bxf4 Bd6 15. Bxd6 Rxd6 16. Bd3 g6 17. Rhe1 Kd8 18. c3 Re8 19. Rxe8+ Kxe8 20. Kd2 Ke7 21. b3 f4 22. Re1+ Re6 23. c4 Rxe1 24. Kxe1 f5 25. Kd2 Kf6 26. h4 Nc8 27. b4 Ne7 28. Kc3 g5 29. hxg5+ hxg5 30. a4 g4 31. Be2 Kg5 32. d5 Kh4 33. Kd4 Kg3 34. Ke5 Kxg2 35. fxg4 fxg4 36. Bxg4 f3 37. Kf6 f2 38. Be2 Nc8 39. c5 b6 40. a5 bxc5 41. bxc5 Kg3 42. Ke6 Kf4 43. d6 Ke3 44. Bf1 cxd6 45. cxd6 Nxd6 46. Kxd6 Kd4 47. Kc6 Kc3 48. Kb7 Kb4 49. a6 1-0

[Event "81.Camp. Veneto Quarti di Finale"]
[Site "Verona ITA"]
[Date "2022.05.08"]
[Round "4.3"]
[White "Boraso, Francesco"]
[Black "Kosarev, Andrei M."]
[Result "0-1"]
[WhiteElo "1905"]
[BlackElo "2306"]
[Annotator "Gabriele Ballarin"]
[PlyCount "117"]
[EventDate "2022.05.06"]
[EventType "swiss"]
[EventRounds "5"]
[EventCountry "ITA"]

1. e4 c6 2. d4 d5 3. exd5 cxd5 4. c4 Nf6 5. Nc3 e6 6. Nf3 Be7 7. cxd5 Nxd5 8. Bd3 O-O 9. O-O Nc6 10. a3 Nf6 11. Bg5 b6 12. Re1 Bb7 13. Bb1 Qd6 14. Qd3 g6 15. Ba2 Rad8 16. Rad1 Ng4 17. Ne4 Qb8 18. Bxe7 Nxe7 19. h3 Bxe4 20. Qxe4 Nf6 21. Qe5 Kg7 22. Ng5 h6 23. Nf3 Rd6 24. Bb1 Nc6 25. Qe3 Rfd8 26. Be4 Na5 27. Ne5 b5 28. Qc3 Nc4 29. Qf3 Qb6 30. Nxc4 bxc4 31. Qc3 Rxd4 32. Bf3 Qc5 33. Rc1 e5 34. Qe3 e4 35. Be2 Nd5 36. Qg3 Nb6 37. Qc3 Kg8 38. Qc2 Qf5 39. Red1 Qf4 40. Rxd4 Rxd4 41. Rd1 e3 42. fxe3 Qxe3+ 43. Kh1 Rf4 44. Bf3 h5 45. Qd2 Qxd2 46. Rxd2 Rf5 47. Rc2 Kg7 48. Kg1 Kf6 49. Kf2 Re5 50. Re2 Rxe2+ 51. Bxe2 Ke5 52. Ke3 Nd5+ 53. Kd2 Kd4 54. Bf3 Nf4 55. Bc6 f6 56. g3 Nd3 57. Kc2 g5 58. g4 h4 59. Bg2 0-1

[Event "81.Camp. Veneto Quarti di Finale"]
[Site "Verona ITA"]
[Date "2022.05.08"]
[Round "4.4"]
[White "Danieli, Enrico"]
[Black "Boraso, Alessio"]
[Result "0-1"]
[WhiteElo "1894"]
[BlackElo "2287"]
[Annotator "Gabriele Ballarin"]
[PlyCount "64"]
[EventDate "2022.05.06"]
[EventType "swiss"]
[EventRounds "5"]
[EventCountry "ITA"]

1. e4 c5 2. Nf3 e6 3. b4 b6 4. bxc5 bxc5 5. d3 Nc6 6. g3 d5 7. Nbd2 Nf6 8. Bg2 dxe4 9. Ng5 Nd5 10. Ndxe4 Be7 11. h4 Rb8 12. Be3 Nd4 13. O-O Qc7 14. c3 Nf5 15. Qf3 f6 16. Nh3 O-O 17. c4 Ndxe3 18. fxe3 Bb7 19. Nf4 Qe5 20. Nxe6 Nxh4 21. gxh4 Qxe6 22. Bh3 Qe5 23. Qf4 Rfd8 24. Qxe5 fxe5 25. Be6+ Kh8 26. Rf7 Bxe4 27. dxe4 Bxh4 28. Raf1 Bf6 29. Bd5 a6 30. Ra7 Rb6 31. Rc7 h5 32. Rxc5 Bg5 0-1

[Event "81.Camp. Veneto Quarti di Finale"]
[Site "Verona ITA"]
[Date "2022.05.08"]
[Round "4.5"]
[White "Simonetto, Andrea"]
[Black "Queiroz, Stella Becker"]
[Result "1-0"]
[WhiteElo "2249"]
[BlackElo "1807"]
[Annotator "Gabriele Ballarin"]
[PlyCount "115"]
[EventDate "2022.05.06"]
[EventType "swiss"]
[EventRounds "5"]
[EventCountry "ITA"]

1. Nf3 d5 2. e3 Nf6 3. c4 c6 4. Nc3 e6 5. b3 Nbd7 6. Bb2 Be7 7. d4 b6 8. cxd5 exd5 9. Bd3 Bb7 10. O-O O-O 11. Rc1 Rc8 12. Qe2 Re8 13. Ba6 Qc7 14. Rc2 Qb8 15. Rfc1 Bd6 16. h3 Ne4 17. Nxe4 Rxe4 18. Bd3 Re7 19. Nh4 Ree8 20. Nf5 Bf8 21. Qg4 Nf6 22. Nh6+ Kh8 23. Nxf7+ Kg8 24. Nh6+ Kh8 25. Qf5 Rc7 26. Ng4 Qc8 27. Nxf6 gxf6 28. Qxc8 Rcxc8 29. Bf5 Rc7 30. g4 Bd6 31. a4 Bb4 32. Ra1 c5 33. Ba3 Bxa3 34. Rxa3 a5 35. Ra1 c4 36. Rb1 c3 37. Rbc1 Ree7 38. Rxc3 Rxc3 39. Rxc3 Kg7 40. Kg2 Kh6 41. Kg3 Kg5 42. h4+ Kh6 43. Kf4 Kg7 44. f3 h6 45. e4 Kf7 46. exd5 Bxd5 47. Be4 Bxe4 48. fxe4 Rb7 49. d5 Ke7 50. Kf5 b5 51. axb5 Rxb5 52. Rc7+ Kd6 53. Rc6+ Ke7 54. Rxf6 Rxb3 55. Rxh6 a4 56. Ke5 Rb5 57. Rh7+ Kd8 58. Ra7 1-0

[Event "81.Camp. Veneto Quarti di Finale"]
[Site "Verona ITA"]
[Date "2022.05.08"]
[Round "4.7"]
[White "Bevilacqua, Maurizio"]
[Black "Negro, Raffaele"]
[Result "0-1"]
[WhiteElo "2049"]
[BlackElo "1655"]
[Annotator "Gabriele Ballarin"]
[PlyCount "66"]
[EventDate "2022.05.06"]
[EventType "swiss"]
[EventRounds "5"]
[EventCountry "ITA"]

1. c4 b6 2. Nc3 Bb7 3. d4 f5 4. Bf4 Nf6 5. e3 e6 6. Nf3 Be7 7. h3 O-O 8. Bd3 Ne4 9. Qc2 Nxc3 10. Qxc3 a5 11. O-O-O Na6 12. a3 c5 13. d5 exd5 14. cxd5 Bf6 15. Qc2 g6 16. h4 c4 17. Be2 c3 18. b3 Nb4 19. axb4 axb4 20. Kb1 Ra3 21. Bb5 Qa8 22. Ba4 b5 23. Nd4 bxa4 24. bxa4 Rxa4 25. Nb3 Bxd5 26. Rxd5 Qxd5 27. Rd1 Qa8 28. Rxd7 Rd8 29. Qd3 Rxd7 30. Qxd7 Qe4+ 31. Kc1 Ra2 32. Qc8+ Kf7 33. Qd7+ Be7 0-1

[Event "81.Camp. Veneto Quarti di Finale"]
[Site "Verona ITA"]
[Date "2022.05.08"]
[Round "4.8"]
[White "Serea, Gabriele"]
[Black "Vujicic, Luigi"]
[Result "1-0"]
[WhiteElo "1722"]
[BlackElo "1952"]
[Annotator "Gabriele Ballarin"]
[PlyCount "127"]
[EventDate "2022.05.06"]
[EventType "swiss"]
[EventRounds "5"]
[EventCountry "ITA"]

1. e4 c6 2. Nf3 d5 3. exd5 cxd5 4. Ne5 Nc6 5. Bb5 Bd7 6. Nxd7 Qxd7 7. d4 a6 8. Be2 e6 9. c3 Bd6 10. Nd2 Nf6 11. Nf3 O-O 12. O-O Rfc8 13. Bd3 b5 14. Qe2 Qc7 15. a4 Na7 16. Bg5 Nd7 17. axb5 axb5 18. Bxb5 Nxb5 19. Qxb5 Rab8 20. Qe2 Nb6 21. Ra2 Nc4 22. Rfa1 Rb7 23. g3 h6 24. Bc1 Rcb8 25. Qc2 Nb6 26. b3 Rc8 27. Bb2 Qe7 28. Ra6 Nd7 29. c4 dxc4 30. bxc4 Nf6 31. Qe2 Rcb8 32. Bc1 Rb4 33. Kg2 R4b7 34. Ne5 Rc8 35. c5 Bxe5 36. Qxe5 Nd5 37. Qd6 Kh7 38. Qxe7 Rxe7 39. Ra7 Rcc7 40. Rxc7 Rxc7 41. Kf3 Kg6 42. Bf4 Nxf4 43. Kxf4 Kf6 44. Ke4 Ke7 45. Rc1 Kd7 46. d5 exd5+ 47. Kxd5 Ra7 48. Rb1 Kc7 49. Re1 Kd8 50. Kd6 Rd7+ 51. Kc6 Rd2 52. Rb1 Kc8 53. Ra1 Kb8 54. Re1 Rxf2 55. Re8+ Ka7 56. Kc7 Rxh2 57. Re3 Ka6 58. Rb3 Rd2 59. c6 Rd4 60. Kc8 Ka7 61. c7 Rd5 62. Ra3+ Kb6 63. Kb8 Re5 64. c8=Q 1-0

[Event "81.Camp. Veneto Quarti di Finale"]
[Site "Verona ITA"]
[Date "2022.05.08"]
[Round "4.9"]
[White "Passon, Stefano"]
[Black "Faccia, Sergio"]
[Result "0-1"]
[WhiteElo "1698"]
[BlackElo "1934"]
[Annotator "Gabriele Ballarin"]
[PlyCount "82"]
[EventDate "2022.05.06"]
[EventType "swiss"]
[EventRounds "5"]
[EventCountry "ITA"]

1. d4 c5 2. d5 Nf6 3. Nc3 g6 4. e4 d6 5. Nf3 Bg7 6. Bc4 O-O 7. h3 b6 8. Qe2 Re8 9. O-O e6 10. Bg5 h6 11. Bxf6 Bxf6 12. Qd2 Bg7 13. Rab1 e5 14. b4 cxb4 15. Rxb4 Na6 16. Rb2 Nc5 17. Bb5 Bd7 18. Ne1 Bxb5 19. Rxb5 Rc8 20. Nd3 Nxd3 21. cxd3 Qd7 22. a4 Rc7 23. Na2 a5 24. Qb2 Rec8 25. Rc1 Rxc1+ 26. Nxc1 Qc7 27. Nb3 Bf6 28. Nd2 Qc1+ 29. Kh2 Qd1 30. Nc4 Qxd3 31. Nxd6 Rc2 32. Qb3 Rc3 33. Qb1 Qd4 34. Qb2 Bh4 35. g3 Qd3 36. gxh4 Qxh3+ 37. Kg1 Qg4+ 38. Kf1 Rh3 39. Ke1 Rh1+ 40. Kd2 Qd1+ 41. Kc3 Rh3+ 0-1

[Event "81.Camp. Veneto Quarti di Finale"]
[Site "Verona ITA"]
[Date "2022.05.08"]
[Round "4.10"]
[White "Gennari, Andrea"]
[Black "Zanotto, Enrico"]
[Result "1-0"]
[WhiteElo "1749"]
[BlackElo "1896"]
[Annotator "Gabriele Ballarin"]
[PlyCount "93"]
[EventDate "2022.05.06"]
[EventType "swiss"]
[EventRounds "5"]
[EventCountry "ITA"]

1. d4 Nf6 2. c4 e6 3. Nc3 Bb4 4. Qc2 O-O 5. Bg5 d5 6. e3 h6 7. Bh4 b6 8. Nf3 Bb7 9. Be2 dxc4 10. Bxc4 c5 11. dxc5 bxc5 12. O-O Nbd7 13. Rfd1 Qb6 14. Bg3 Bxc3 15. bxc3 Bd5 16. Bxd5 exd5 17. Rab1 Qe6 18. c4 Qe4 19. Qxe4 Nxe4 20. Rbc1 Nb6 21. cxd5 Rfd8 22. d6 Na4 23. d7 Nac3 24. Bc7 Rxd7 25. Rxd7 Ne2+ 26. Kf1 Nxc1 27. a3 Nb3 28. Ne5 f6 29. Nc4 Rc8 30. f3 Ned2+ 31. Nxd2 Nxd2+ 32. Rxd2 Rxc7 33. Rc2 Kf7 34. Ke2 Ke6 35. e4 Kd6 36. Kd3 Kc6 37. Kc4 Rd7 38. h3 Rd4+ 39. Kc3 Ra4 40. Kb3 Kb5 41. Rxc5+ Kxc5 42. Kxa4 Kb6 43. Kb4 a6 44. f4 g5 45. e5 fxe5 46. fxe5 Kc6 47. Kc4 1-0

[Event "81.Camp. Veneto Quarti di Finale"]
[Site "Verona ITA"]
[Date "2022.05.08"]
[Round "4.11"]
[White "Righi, Francesco"]
[Black "Gennari, Leone"]
[Result "0-1"]
[WhiteElo "1781"]
[BlackElo "1754"]
[Annotator "Gabriele Ballarin"]
[PlyCount "120"]
[EventDate "2022.05.06"]
[EventType "swiss"]
[EventRounds "5"]
[EventCountry "ITA"]

1. e4 e6 2. d4 d5 3. Nc3 Bb4 4. e5 Ne7 5. Nf3 c5 6. Bd2 a6 7. a3 Bxc3 8. Bxc3 b6 9. Be2 Nbc6 10. O-O O-O 11. Re1 a5 12. Qd2 Ba6 13. Bxa6 Rxa6 14. Rad1 c4 15. Qf4 b5 16. Qd2 Qb6 17. b4 cxb3 18. cxb3 b4 19. axb4 axb4 20. Bb2 Rfa8 21. g4 Nd8 22. Ra1 Rxa1 23. Rxa1 Rxa1+ 24. Bxa1 Qa5 25. Bb2 Ndc6 26. Bc1 Qa1 27. Kg2 Qb1 28. Qb2 Qxb2 29. Bxb2 Na5 30. Nd2 Nec6 31. h4 Kf8 32. Kf3 Ke7 33. Ke3 f6 34. exf6+ gxf6 35. f4 Kf7 36. h5 Kg7 37. g5 Ne7 38. Kd3 Nf5 39. Kc2 Ne3+ 40. Kd3 Ng2 41. h6+ Kg6 42. gxf6 Kxf6 43. Bc1 Nxf4+ 44. Kc2 Ne2 45. Bb2 Kg6 46. Nf3 Kxh6 47. Ne5 Kg7 48. Nd3 Nc6 49. Kd2 Ng3 50. Nf4 Kf7 51. Kd3 Kf6 52. Bc1 Kf5 53. Nh3 Ne4 54. Bh6 Nd6 55. Bf8 Nb5 56. Bc5 h5 57. Ke3 Kg4 58. Nf2+ Kg3 59. Nd3 h4 60. Nf4 h3 0-1

[Event "81.Camp. Veneto Quarti di Finale"]
[Site "Verona ITA"]
[Date "2022.05.08"]
[Round "4.12"]
[White "Gallo, Pietro"]
[Black "Vincenti, Leonardo"]
[Result "0-1"]
[WhiteElo "1537"]
[BlackElo "1770"]
[Annotator "Gabriele Ballarin"]
[PlyCount "72"]
[EventDate "2022.05.06"]
[EventType "swiss"]
[EventRounds "5"]
[EventCountry "ITA"]

1. d4 d5 2. c4 e6 3. Nc3 c6 4. Nf3 Nf6 5. Bf4 Bd6 6. Bg3 Qe7 7. e3 Nbd7 8. Bd3 dxc4 9. Bxc4 Bxg3 10. hxg3 e5 11. dxe5 Nxe5 12. Nxe5 Qxe5 13. Qb3 O-O 14. O-O-O b5 15. Be2 Be6 16. Qb4 Nd5 17. Nxd5 Bxd5 18. b3 Qa1+ 19. Kd2 Qxa2+ 20. Ke1 Qxb3 21. Qh4 h6 22. Kf1 Bc4 23. Ke1 Qb4+ 24. Kf1 Bxe2+ 25. Kxe2 Qxh4 26. Rxh4 Rfd8 27. Rc1 Rac8 28. Ra1 Rc7 29. Rh5 c5 30. Ra5 Rb8 31. Kd2 Rb6 32. Rd5 a6 33. Rd8+ Kh7 34. Ra8 Rcc6 35. Kc3 Kg6 36. f3 f5 0-1

[Event "81.Camp. Veneto Quarti di Finale"]
[Site "Verona ITA"]
[Date "2022.05.08"]
[Round "4.13"]
[White "Bertani, Gianfranco"]
[Black "Tommasi, Matteo"]
[Result "0-1"]
[WhiteElo "1946"]
[BlackElo "999"]
[Annotator "Gabriele Ballarin"]
[PlyCount "56"]
[EventDate "2022.05.06"]
[EventType "swiss"]
[EventRounds "5"]
[EventCountry "ITA"]

1. d4 d5 2. Bf4 Nf6 3. e3 c5 4. Nc3 a6 5. Be2 Nc6 6. Bf3 e6 7. Nge2 Bd6 8. Bg3 Bxg3 9. hxg3 Qd6 10. g4 b5 11. g5 Nd7 12. Ng3 cxd4 13. exd4 Qf4 14. Nxd5 exd5 15. Bxd5 Bb7 16. g6 O-O-O 17. gxf7 Nf6 18. Be6+ Kb8 19. c3 Bc8 20. Bxc8 Rxc8 21. O-O h5 22. a4 h4 23. Ne2 Qe4 24. f3 Qe3+ 25. Rf2 h3 26. gxh3 Rxh3 27. axb5 Rh1+ 28. Kxh1 Qxf2 0-1

[Event "81.Camp. Veneto Quarti di Finale"]
[Site "Verona ITA"]
[Date "2022.05.08"]
[Round "4.14"]
[White "Pigato, Alex"]
[Black "Calore, Elias"]
[Result "0-1"]
[WhiteElo "1787"]
[BlackElo "1443"]
[Annotator "Gabriele Ballarin"]
[PlyCount "106"]
[EventDate "2022.05.06"]
[EventType "swiss"]
[EventRounds "5"]
[EventCountry "ITA"]

1. d4 Nf6 2. Nf3 d5 3. c4 c6 4. Nc3 e6 5. Bg5 Nbd7 6. e3 Be7 7. Bd3 dxc4 8. Bxc4 O-O 9. O-O h6 10. Bh4 Nd5 11. Bxe7 Qxe7 12. Nxd5 exd5 13. Bb3 Nf6 14. Ne5 Bf5 15. Bc2 Bxc2 16. Qxc2 Rad8 17. Rfc1 Rfe8 18. Rab1 Ne4 19. b4 f6 20. Nd3 Nd6 21. Qc5 Nc4 22. a4 a6 23. Nf4 Rd6 24. b5 b6 25. Qb4 cxb5 26. axb5 a5 27. Qc3 Qf7 28. Nxd5 Rc8 29. e4 Rdd8 30. Qd3 Rxd5 31. Rxc4 Rdd8 32. d5 Qd7 33. Rcc1 Rc7 34. Qb3 Kf8 35. Rc6 Rb7 36. Rbc1 Qe7 37. Qe3 f5 38. Re6 Qb4 39. Rxb6 Re7 40. e5 Rxd5 41. Rc8+ Kf7 42. e6+ Kg6 43. h3 Rxb5 44. Rbc6 Qe4 45. Qg3+ Kh7 46. R8c7 Rb7 47. Rxb7 Rxb7 48. Rd6 Re7 49. Ra6 Qe1+ 50. Kh2 Rxe6 51. Ra7 Qa1 52. Qd3 Qe5+ 53. g3 Qc5 0-1

[Event "81.Camp. Veneto Quarti di Finale"]
[Site "Verona ITA"]
[Date "2022.05.08"]
[Round "4.15"]
[White "Gneo, Marco"]
[Black "Pigaiani, Francesco"]
[Result "0-1"]
[WhiteElo "1687"]
[BlackElo "1330"]
[Annotator "Gabriele Ballarin"]
[PlyCount "60"]
[EventDate "2022.05.06"]
[EventType "swiss"]
[EventRounds "5"]
[EventCountry "ITA"]

1. d4 Nf6 2. c4 c6 3. Nc3 d5 4. e3 e6 5. Bd3 Nbd7 6. Nf3 Bd6 7. b3 O-O 8. O-O e5 9. dxe5 Nxe5 10. Be2 Nxf3+ 11. Bxf3 dxc4 12. bxc4 Qc7 13. h3 Be6 14. Qe2 Nd7 15. Qc2 Bxc4 16. Rd1 Be6 17. Bb2 Ne5 18. Be2 Ng6 19. Rac1 Qe7 20. Ne4 Ba3 21. Nc5 Bxc5 22. Qxc5 Qxc5 23. Rxc5 Bxa2 24. Rd7 Rab8 25. Bg4 a6 26. h4 f6 27. h5 Ne5 28. Rxe5 fxe5 29. Bxe5 Bf7 30. Be6 Rbe8 0-1

[Event "81.Camp. Veneto Quarti di Finale"]
[Site "Verona ITA"]
[Date "2022.05.08"]
[Round "4.16"]
[White "Tomio, Dante"]
[Black "Filippi, Marco"]
[Result "1-0"]
[WhiteElo "1650"]
[BlackElo "1289"]
[Annotator "Gabriele Ballarin"]
[PlyCount "75"]
[EventDate "2022.05.06"]
[EventType "swiss"]
[EventRounds "5"]
[EventCountry "ITA"]

1. d4 e6 2. g3 f5 3. Bg2 Nf6 4. Nf3 d5 5. c4 c6 6. cxd5 exd5 7. O-O Bd6 8. Nc3 O-O 9. Qc2 Ne4 10. a3 Nd7 11. Qb3 Ndf6 12. Ne5 Qe8 13. f3 Nxc3 14. Qxc3 c5 15. e3 b5 16. Bd2 b4 17. axb4 cxb4 18. Qc6 Qxc6 19. Nxc6 Bd7 20. Ne5 Bb5 21. Rfc1 a5 22. Bf1 Bxf1 23. Kxf1 Bxe5 24. dxe5 Nd7 25. f4 Nb6 26. b3 Rfc8 27. Ke2 Rxc1 28. Rxc1 a4 29. bxa4 Rxa4 30. Rb1 Nc4 31. Bxb4 Ra2+ 32. Kd3 Rxh2 33. Kd4 Re2 34. Kxd5 Nxe3+ 35. Ke6 g6 36. Be7 Kg7 37. Bg5 Rc2 38. Bf6+ 1-0

[Event "81.Camp. Veneto Quarti di Finale"]
[Site "Verona ITA"]
[Date "2022.05.08"]
[Round "4.17"]
[White "Pollesel, Francesco"]
[Black "Gurzoni, Francesco"]
[Result "0-1"]
[WhiteElo "999"]
[BlackElo "1540"]
[Annotator "Gabriele Ballarin"]
[PlyCount "50"]
[EventDate "2022.05.06"]
[EventType "swiss"]
[EventRounds "5"]
[EventCountry "ITA"]

1. e4 d5 2. exd5 Qxd5 3. Nf3 Nf6 4. d4 c6 5. c4 Qa5+ 6. Bd2 Qb6 7. c5 Qc7 8. Bd3 Bg4 9. Bg5 Nbd7 10. h3 Be6 11. b4 g6 12. Qe2 Bg7 13. O-O Nd5 14. Nbd2 Nf4 15. Bxf4 Qxf4 16. Rfe1 O-O 17. a4 Rfe8 18. Rad1 Nf6 19. Bc4 Nd5 20. Ne4 h6 21. a5 a6 22. g3 Qf5 23. Nh4 Qxh3 24. f3 Nf4 25. Bxe6 Nxe2+ 0-1

[Event "81.Camp. Veneto Quarti di Finale"]
[Site "Verona ITA"]
[Date "2022.05.08"]
[Round "4.18"]
[White "Gregory, Matteo"]
[Black "Amadardo, Matteo"]
[Result "0-1"]
[WhiteElo "1329"]
[BlackElo "1504"]
[Annotator "Gabriele Ballarin"]
[PlyCount "122"]
[EventDate "2022.05.06"]
[EventType "swiss"]
[EventRounds "5"]
[EventCountry "ITA"]

1. c4 c5 2. g3 g6 3. Bg2 Bg7 4. Nf3 e6 5. O-O Ne7 6. Nc3 O-O 7. d3 Nbc6 8. Bg5 a6 9. Rb1 Qc7 10. Qd2 Re8 11. Bh6 Bh8 12. Ne4 Ne5 13. Qg5 Nxf3+ 14. Bxf3 Qe5 15. Qxe5 Bxe5 16. Nxc5 Rb8 17. Rfd1 Nf5 18. Bc1 Nd4 19. Kg2 Nxf3 20. Kxf3 f5 21. d4 Bd6 22. Bf4 Bxf4 23. Kxf4 d6 24. Nd3 Bd7 25. c5 dxc5 26. Nxc5 Bb5 27. Rd2 b6 28. a4 bxc5 29. axb5 Rxb5 30. dxc5 Rxc5 31. Rd7 a5 32. Rbd1 Rc2 33. R1d2 Rxd2 34. Rxd2 Rb8 35. Ke5 Kf7 36. Rd7+ Ke8 37. Rxh7 Rxb2 38. Kxe6 Rb6+ 39. Ke5 Ra6 40. Rh8+ Kf7 41. Rb8 a4 42. Rb2 a3 43. Ra2 Ra5+ 44. Kf4 Kf6 45. h4 Ra4+ 46. Ke3 Ke5 47. f4+ Kd5 48. Kd3 Kc5 49. Kc3 Rc4+ 50. Kb3 Re4 51. Rc2+ Kd4 52. Rd2+ Kc5 53. Kxa3 Re3+ 54. Rd3 Rxd3+ 55. exd3 Kd4 56. Kb4 Kxd3 57. Kc5 Ke3 58. Kd5 Kf3 59. Ke5 Kxg3 60. Kf6 Kxh4 61. Kxg6 Kg4 0-1

[Event "81.Camp. Veneto Quarti di Finale"]
[Site "Verona ITA"]
[Date "2022.05.08"]
[Round "4.19"]
[White "Fanchin, Matteo"]
[Black "Coghi, Simone"]
[Result "1-0"]
[WhiteElo "1467"]
[BlackElo "999"]
[Annotator "Gabriele Ballarin"]
[PlyCount "29"]
[EventDate "2022.05.06"]
[EventType "swiss"]
[EventRounds "5"]
[EventCountry "ITA"]

1. e4 c5 2. d4 cxd4 3. c3 dxc3 4. Nxc3 d6 5. Nf3 Nf6 6. Bc4 e6 7. O-O Be7 8. Qe2 O-O 9. Rd1 Nc6 10. e5 Ne8 11. exd6 Nxd6 12. Bf4 e5 13. Nxe5 Qc7 14. Nxf7 Rxf7 15. Nb5 1-0

[Event "81.Camp. Veneto Quarti di Finale"]
[Site "Verona ITA"]
[Date "2022.05.08"]
[Round "4.20"]
[White "Giroldi, Gilberto"]
[Black "Prealta, Fiorenzo"]
[Result "1-0"]
[WhiteElo "1398"]
[BlackElo "1092"]
[Annotator "Gabriele Ballarin"]
[PlyCount "81"]
[EventDate "2022.05.06"]
[EventType "swiss"]
[EventRounds "5"]
[EventCountry "ITA"]

1. e4 e5 2. Nf3 d6 3. Bc4 Be7 4. Nc3 Nf6 5. O-O Nc6 6. Re1 O-O 7. d3 Na5 8. Bd5 c6 9. Bb3 Bg4 10. h3 Bh5 11. g4 Nxb3 12. cxb3 Bg6 13. Bg5 h6 14. Bd2 Nh7 15. Ne2 Qd7 16. Ng3 Nf6 17. Nh4 Bh7 18. Kg2 Nxe4 19. dxe4 Bxh4 20. Nf5 Bxf5 21. exf5 Rfe8 22. Re2 d5 23. Qc2 a6 24. Rae1 e4 25. Bc1 Rac8 26. b4 b6 27. a4 c5 28. Qb3 c4 29. Qd1 Qb7 30. Qd4 Bf6 31. Qe3 Bg5 32. Qg3 Bf6 33. h4 b5 34. g5 Be5 35. Qg4 hxg5 36. hxg5 Bd6 37. f6 Be5 38. Rh1 e3 39. f3 gxf6 40. gxf6+ Kf8 41. Rh8# 1-0

[Event "81.Camp. Veneto Quarti di Finale"]
[Site "Verona ITA"]
[Date "2022.05.08"]
[Round "4.21"]
[White "Peretti, Eva"]
[Black "Torraca, Luca"]
[Result "1-0"]
[WhiteElo "1214"]
[BlackElo "1047"]
[Annotator "Gabriele Ballarin"]
[PlyCount "63"]
[EventDate "2022.05.06"]
[EventType "swiss"]
[EventRounds "5"]
[EventCountry "ITA"]

1. e4 b6 2. d4 e6 3. c4 g6 4. Nc3 a6 5. Nf3 Bb7 6. Be2 d6 7. O-O h6 8. Re1 Ne7 9. Be3 Nd7 10. Rc1 Bg7 11. Nd2 c6 12. f4 Qc7 13. Nf3 Nf6 14. d5 Ng4 15. Bf2 c5 16. h3 Nf6 17. e5 Nh5 18. dxe6 fxe6 19. exd6 Qd7 20. dxe7 Qxe7 21. g3 O-O 22. Bd3 g5 23. Ne5 gxf4 24. Qxh5 Qg5 25. Qxg5 hxg5 26. Be4 Bxe5 27. Bxb7 Bxc3 28. Rxc3 Rad8 29. Bxa6 Rd2 30. Rb3 fxg3 31. Bxg3 Rf3 32. Rxf3 1-0

[Event "81.Camp. Veneto Quarti di Finale"]
[Site "Verona ITA"]
[Date "2022.05.08"]
[Round "5.1"]
[White "Zanchetta, Nicola"]
[Black "Barp, Alberto"]
[Result "0-1"]
[WhiteElo "2142"]
[BlackElo "2384"]
[Annotator "Gabriele Ballarin"]
[PlyCount "84"]
[EventDate "2022.05.06"]
[EventType "swiss"]
[EventRounds "5"]
[EventCountry "ITA"]

1. d4 Nf6 2. Nf3 d5 3. e3 c5 4. c3 Qc7 5. Bb5+ Bd7 6. Qa4 Bxb5 7. Qxb5+ Nbd7 8. O-O g6 9. b4 a6 10. Qd3 c4 11. Qc2 e5 12. Nbd2 e4 13. Ne1 Ng4 14. g3 O-O-O 15. Ng2 Bd6 16. f3 exf3 17. Rxf3 f5 18. a4 b6 19. b5 a5 20. Nf4 Bxf4 21. exf4 Rde8 22. Nf1 Re4 23. h3 Ngf6 24. Be3 Rhe8 25. Re1 Qd6 26. Qc1 Qe7 27. Nd2 Re6 28. Kf1 Ng4 29. hxg4 fxg4 30. Nxc4 dxc4 31. d5 Re4 32. d6 Qe6 33. f5 gxf5 34. Rf4 Rxe3 35. Rxe3 Qxe3 36. Rxc4+ Nc5 37. Qd1 Qf3+ 38. Qxf3 gxf3 39. Rf4 Re3 40. Kf2 Rxc3 41. Rxf3 Ne4+ 42. Kg2 Rxf3 0-1

[Event "81.Camp. Veneto Quarti di Finale"]
[Site "Verona ITA"]
[Date "2022.05.08"]
[Round "5.2"]
[White "Kosarev, Andrei M."]
[Black "Faccia, Sergio"]
[Result "1-0"]
[WhiteElo "2306"]
[BlackElo "1934"]
[Annotator "Gabriele Ballarin"]
[PlyCount "43"]
[EventDate "2022.05.06"]
[EventType "swiss"]
[EventRounds "5"]
[EventCountry "ITA"]

1. e4 e5 2. Nf3 Nc6 3. Bb5 f5 4. d3 fxe4 5. dxe4 Nf6 6. O-O Bc5 7. Bc4 Na5 8. Bd3 d6 9. c3 Nc6 10. b4 Bb6 11. a4 a6 12. Nbd2 O-O 13. Nc4 Ba7 14. Be3 Bg4 15. Be2 Ne7 16. Ng5 Qd7 17. Bxa7 Rxa7 18. f4 exf4 19. e5 dxe5 20. Qxd7 Bxd7 21. Nxe5 Be8 22. Ne6 1-0